[Event "Regionalliga SO 1112"]
[Site "Bayern"]
[Date "2012.01.15"]
[Round "5.8"]
[White "Soergel, Thomas"]
[Black "Pezerovic, Asim"]
[Result "1/2-1/2"]
[WhiteElo "1989"]
[BlackElo "1781"]
[PlyCount "99"]
[EventDate "2011.10.02"]
[EventType "team-tourn"]
[EventRounds "9"]
[EventCountry "GER"]
[SourceTitle "EXT 2013"]
[Source "ChessBase"]
[SourceDate "2012.11.22"]
[SourceVersion "1"]
[SourceVersionDate "2012.11.22"]
[SourceQuality "1"]
[WhiteTeam "Graefelfing"]
[BlackTeam "Tegernsee"]
[WhiteTeamCountry "GER"]
[BlackTeamCountry "GER"]

1. c4 c6 2. g3 d5 3. cxd5 cxd5 4. Bg2 Nc6 5. Nf3 Nf6 6. 0-0 Bf5 7. d3 e6 8. b3 Bd6 9. Bb2 0-0 10. Nbd2 Bb4 11. a3 Bc5 12. b4 Bb6 13. Nb3 h6 14. Qd2 a6 15. Nbd4 Nxd4 16. Bxd4 Bxd4 17. Nxd4 Bh7 18. Nb3 b6 19. Rfc1 Qd7 20. Rc2 Rfc8 21. Rac1 Rxc2 22. Qxc2 Qa4 23. Qb2 Qd7 24. Qc3 Qa4 25. Nd2 Bg6 26. e3 a5 27. bxa5 bxa5 28. d4 Rb8 29. Bf1 Ne4 30. Nxe4 Bxe4 31. Be2 Rb1 32. Rxb1 Bxb1 33. f3 Qc2 34. Qxc2 Bxc2 35. Kf2 f6 36. f4 g5 37. Bb5 Kf7 38. Ke1 Ke7 39. Kd2 Bb3 40. Kc3 Bd1 41. Bd3 Kd6 42. fxg5 fxg5 43. Kd2 Bb3 44. Bb5 e5 45. h4 exd4 46. exd4 Ke6 47. Ke3 Bd1 48. hxg5 hxg5 49. Bd3 Kf6 50. Bf1 1/2-1/2

[Event "Landesliga Sued 1011"]
[Site "Bayern"]
[Date "2011.01.16"]
[Round "5.7"]
[White "Pezerovic, Asim"]
[Black "Loos, Stephan"]
[Result "1/2-1/2"]
[WhiteElo "1742"]
[BlackElo "2051"]
[PlyCount "50"]
[EventDate "2010.10.10"]
[EventType "team-tourn"]
[EventRounds "9"]
[EventCountry "GER"]
[SourceTitle "EXT 2012"]
[Source "ChessBase"]
[SourceDate "2011.11.24"]
[SourceVersion "1"]
[SourceVersionDate "2011.11.24"]
[SourceQuality "1"]
[WhiteTeam "Tegernsee"]
[BlackTeam "Bayern Muenchen III"]
[WhiteTeamCountry "GER"]
[BlackTeamCountry "GER"]

1. Nf3 g6 2. d4 f5 3. Bf4 Nf6 4. c3 Bg7 5. Qb3 d5 6. Nbd2 Nbd7 7. e3 c6 8. Ng5 Nb6 9. Be5 h6 10. Ngf3 Nbd7 11. c4 0-0 12. cxd5 cxd5 13. Bd3 Qa5 14. Qc3 Qxc3 15. bxc3 Nxe5 16. Nxe5 Kh7 17. c4 dxc4 18. Bxc4 a6 19. a4 Bd7 20. 0-0 Rad8 21. Rfb1 Bc8 22. Bf7 g5 23. Ba2 Nd5 24. Bxd5 Rxd5 25. Ndc4 Bxe5 1/2-1/2

[Event "Landesliga Sued 0809"]
[Site "Bayern"]
[Date "2008.11.30"]
[Round "3.8"]
[White "Schlinkmeier, Karsten"]
[Black "Pezerovic, Asim"]
[Result "1-0"]
[WhiteElo "2115"]
[BlackElo "1726"]
[PlyCount "103"]
[EventDate "2008.10.05"]
[EventType "team-tourn"]
[EventRounds "9"]
[EventCountry "GER"]
[SourceTitle "EXT 2020"]
[Source "ChessBase"]
[SourceDate "2019.10.17"]
[SourceVersion "1"]
[SourceVersionDate "2019.10.17"]
[SourceQuality "1"]
[WhiteTeam "Garching"]
[BlackTeam "Tegernsee II"]
[WhiteTeamCountry "GER"]
[BlackTeamCountry "GER"]

1. e4 c6 2. d4 d5 3. exd5 cxd5 4. c4 Nf6 5. Nc3 Nc6 6. Nf3 Bg4 7. Be3 e6 8. Be2 Bb4 9. 0-0 0-0 10. a3 Bxc3 11. bxc3 dxc4 12. Bxc4 Nd5 13. Bd2 a6 14. h3 Bh5 15. Bd3 Bg6 16. Be2 b5 17. a4 b4 18. c4 Nc3 19. Bxc3 bxc3 20. Ra3 c2 21. Qa1 a5 22. Bd3 Rb8 23. Rc1 Rb1 24. Rxb1 cxb1Q+ 25. Bxb1 Bxb1 26. Qxb1 Nxd4 27. Nxd4 Qxd4 28. Qd3 Qe5 29. Qc3 Qc7 30. Rb3 h6 31. Rb5 Rd8 32. Qc2 g6 33. Rb3 Rd5 34. g3 Rc5 35. Rc3 Qe5 36. Qd3 Qc7 37. Qc2 Qc6 38. Kh2 Qc7 39. Qc1 Kh7 40. Kg1 Qd7 41. Qc2 Qc6 42. Qb3 Qe4 43. Rf3 Rxc4 44. Rxf7+ Kg8 45. Rf3 Rc1+ 46. Kh2 Rb1 47. Qc3 Rb7 48. Rf4 Qd5 49. Rf6 Kh7 50. Rf8 Rg7 51. Qc8 g5 52. Qc2+ 1-0

[Event "Landesliga Sued 0809"]
[Site "Bayern"]
[Date "2008.10.26"]
[Round "2.8"]
[White "Pezerovic, Asim"]
[Black "Gruenke, Paul"]
[Result "0-1"]
[WhiteElo "1726"]
[BlackElo "2001"]
[PlyCount "96"]
[EventDate "2008.10.05"]
[EventType "team-tourn"]
[EventRounds "9"]
[EventCountry "GER"]
[SourceTitle "EXT 2020"]
[Source "ChessBase"]
[SourceDate "2019.10.17"]
[SourceVersion "1"]
[SourceVersionDate "2019.10.17"]
[SourceQuality "1"]
[WhiteTeam "Tegernsee II"]
[BlackTeam "Dillingen"]
[WhiteTeamCountry "GER"]
[BlackTeamCountry "GER"]

1. Nf3 Nf6 2. d4 g6 3. c3 Bg7 4. Bf4 0-0 5. e3 d6 6. Nbd2 Nbd7 7. Qb3 Nh5 8. Bg5 a6 9. Be2 b5 10. a4 c6 11. axb5 cxb5 12. Ne4 Ndf6 13. Bxf6 Nxf6 14. Nxf6+ Bxf6 15. Nd2 Be6 16. Qa3 Qb6 17. Bf3 Ra7 18. Qa5 Rb8 19. 0-0 Bf5 20. Be2 e5 21. e4 Bd7 22. d5 Bd8 23. Qxb6 Bxb6 24. g4 a5 25. Kg2 Bd8 26. Kg3 Bg5 27. Nf3 Bf4+ 28. Kg2 Bxg4 29. h3 Bd7 30. Ne1 b4 31. c4 Rc8 32. Nd3 Rxc4 33. Nxe5 Rxe4 34. Nxd7 Rxe2 35. Nf6+ Kg7 36. Ng4 Rxb2 37. Kf3 Bd2 38. Ne3 Bxe3 39. fxe3 a4 40. h4 a3 41. h5 Rb3 42. Rf2 Re7 43. Re2 Re5 44. hxg6 hxg6 45. Rd1 Rc3 46. Rd4 b3 47. Ra4 b2 48. Re1 Rcxe3+ 0-1

[Event "Regionalliga SO 0506"]
[Site "Bayern"]
[Date "2006.01.29"]
[Round "6.7"]
[White "Pezerovic, Asim"]
[Black "Schmid, Dominik"]
[Result "1-0"]
[WhiteElo "1680"]
[BlackElo "1809"]
[PlyCount "107"]
[EventDate "2005.10.23"]
[EventType "team-tourn"]
[EventRounds "9"]
[EventCountry "GER"]
[SourceTitle "EXT 2007"]
[Source "ChessBase"]
[SourceDate "2006.11.23"]
[SourceVersion "1"]
[SourceVersionDate "2006.11.23"]
[SourceQuality "1"]
[WhiteTeam "Tegernsee TV II"]
[BlackTeam "Graefelfing SK"]
[WhiteTeamCountry "GER"]
[BlackTeamCountry "GER"]

1. Nf3 Nf6 2. d4 e6 3. Bg5 c5 4. c3 Qb6 5. Qc2 Nc6 6. e3 d5 7. Nbd2 Bd7 8. Bd3 Rc8 9. Bxf6 gxf6 10. dxc5 Bxc5 11. 0-0 Bxe3 12. Qb1 Bxd2 13. Nxd2 f5 14. Re1 Kd8 15. a4 h5 16. b4 a5 17. b5 Ne7 18. c4 Qc5 19. Qb2 Rg8 20. Qf6 dxc4 21. Nxc4 Qd5 22. Bf1 Rxc4 23. Rad1 Qc5 24. Bxc4 Qxc4 25. Qxf7 Qg4 26. Rxd7+ Kxd7 27. Qxe6+ Kc7 28. Qxe7+ Kb8 29. g3 Qxa4 30. b6 Qb5 31. Qe5+ Qxe5 32. Rxe5 Rf8 33. Rxa5 Rf6 34. Rb5 Kc8 35. f4 Kd7 36. Rc5 Rxb6 37. Rxf5 Rb1+ 38. Kg2 b5 39. Rxh5 b4 40. Kf2 b3 41. Rb5 b2 42. Kg2 Kc6 43. Rb3 Kd5 44. Kh3 Ke4 45. Kg4 Kd4 46. f5 Ke5 47. Kg5 Rf1 48. Rb5+ Ke4 49. Rxb2 Rxf5+ 50. Kg4 Ra5 51. Re2+ Kd5 52. h4 Kd6 53. h5 Rb5 54. Kh4 1-0